000
00272nam a22001217a 4500
008
170714b xxu||||| |||| 00| 0 eng d
041
_a
eng
080
_a
1(091)
100
_a
24
101
_a
FIL
245
_a
THE HISTORY OF ART PHILOSOPHY
_c
KNOPF, A.A
942
_2
udc
_c
BK
999
_c
20845
_d
20845